|
|
|
|
| LEADER |
00000nam a2200000 4500 |
| 001 |
2709424 |
| 005 |
19890608000000.0 |
| 008 |
031120s1977 mx 001-0 spa |
| 010 |
|
|
|a 76129657
|
| 020 |
|
|
|a 9681810473
|
| 035 |
|
|
|9 (DLC) 76129657
|
| 040 |
|
|
|a SpMaUCQU
|
| 040 |
|
|
|a DLC
|c DLC
|d DLC
|
| 050 |
|
4 |
|a QD461
|b C6.8 1977
|
| 082 |
0 |
0 |
|a 541/.22/0151222
|
| 090 |
|
|
|a QD461
|b C6.8 1977
|
| 099 |
|
|
|a QD461
|a .C65 1971
|
| 100 |
1 |
|
|a Cotton, F. Albert
|q (Frank Albert),
|d 1930-
|
| 240 |
1 |
0 |
|a Chemical applications of group theory.
|l Español
|
| 245 |
1 |
3 |
|a La teoría de grupos aplicada a la química /
|c F. Albert Cotton.
|
| 250 |
|
|
|a 2a. ed.
|
| 260 |
|
|
|a México, D.F. :
|b Limusa,
|c 1977.
|
| 300 |
|
|
|a xiv, 452 p. ;
|b il. , ;
|c 24 cm.
|
| 504 |
|
|
|a Incluye bibliografía: p. 445-448 e índice.
|
| 546 |
|
|
|a Traducción de: Chemical applications of group theory.
|
| 650 |
|
0 |
|a Molecular theory.
|
| 650 |
|
0 |
|a Group theory.
|
| 650 |
|
4 |
|a Grupos, Teoría de los
|
| 650 |
|
4 |
|a Teoría molecular
|
| 905 |
|
|
|a LIBROS
|
| 991 |
|
|
|b c-GenColl
|h QD461
|i .C65 1971
|t Copy 1
|w BOOKS
|
| 902 |
|
|
|a Deonicia Rojas M.
|
| 949 |
|
|
|a Biblioteca UAM Iztapalapa
|b Colección General
|c QD461 C6.8 1977
|